| 000 | 00632nam a2200193 a 4500 | ||
|---|---|---|---|
| 005 | 20210219160311.0 | ||
| 008 | 081008s1991 mx r 000 0 spa d | ||
| 035 | _aUPN01000162826 | ||
| 049 | _aUNE | ||
| 080 | _a37. 017.7 (64)=20 "1991" COM. | ||
| 245 | 0 | 0 |
_aCome visit aur country Morocco : _bteaching material prepared within the framework of the UNESCO associated schools project 1991. |
| 260 |
_aParĂs : _bUNESCO _c1991. |
||
| 300 |
_a57 p. : _bil. |
||
| 440 | 0 | _aED-91/WS/49 | |
| 690 | _aEscuela asociada (UNESCO) - Marruecos | ||
| 690 | _aMarruecos - Escuela asociada (UNESCO) | ||
| 710 | 2 | _aUNESCO | |
| 905 | _aUNESCO | ||
| 999 |
_c134939 _d134939 |
||